| 000 | 01410nam a22003977a 4500 | ||
|---|---|---|---|
| 003 | CHAP | ||
| 005 | 20220817042415.0 | ||
| 008 | 971013s1993 r 00010 d | ||
| 010 | _a43758 | ||
| 011 | _a44730 | ||
| 035 | _a48868 | ||
| 040 | _cCHAP | ||
| 082 |
_a634.907 _bD9Y 1980-92 |
||
| 100 | 0 | 0 |
_aDvorak, W. S. _934781 |
| 245 | _aReseña de investigaciones de la cooperativa CAMCORE, 1980-1992 | ||
| 260 |
_aRaleigh, N.C. : _bNorth Carolina State University, _c1993 |
||
| 300 |
_a94 p. _b: ilus. |
||
| 590 |
_aBATCH-UPD _b10 _c20130110 _lUCH01 _h0038 |
||
| 590 |
_aBATCH-UPD _b10 _c20130110 _lUCH01 _h0923 |
||
| 590 |
_aBATCH-UPD _b10 _c20130409 _lUCH01 _h2023 |
||
| 590 |
_aBATCH-UPD _b10 _c20130410 _lUCH01 _h0544 |
||
| 590 |
_aBATCH-UPD _b10 _c20130914 _lUCH01 _h0713 |
||
| 590 |
_aCONVERSION _b10 _c20130109 _lUCH01 _h1324 |
||
| 650 | 1 | 4 |
_aÁrboles _xAmerica Latina. _96568 |
| 650 | 1 | 4 |
_aÁrboles _xCaribe. _96578 |
| 650 | 1 | 4 |
_aÁrboles _xMexico. _96625 |
| 650 | 1 | 4 |
_aBosques _xPreservación. |
| 650 | 1 | 4 | _aConíferas. |
| 650 | 1 | 4 |
_aGenética forestal. _947489 |
| 700 | 0 |
_aCooperativa de Recursos de Coníferas de Centroamérica y México. _927775 |
|
| 700 | 0 |
_aDonahue, J. K. _933938 |
|
| 901 | _aBK | ||
| 942 | _cLIBRO | ||
| 949 |
_a634.907 D9Y 1980-92 _bBC _cLIBRO _d33724000008363 _eLIBRO _fc.2 _h89273 _i48868 _mD _si |
||
| 949 |
_a634.907 D9Y 1980-92 _bBC _cLIBRO _d33724000008371 _eLIBRO _h89272 _i48868 _mD _si |
||
| 999 |
_c43758 _d43758 |
||